Spell the animal - Statistics

General Stats
  • This quiz has been taken 46 times
  • The average score is 8 of 10
Answer Stats
Picture Answer % Correct
Lion
100%
Turtle
96%
Ant
92%
Giraffe
92%
Iguana
92%
Rabbit
92%
Orangutan
77%
Lemur
73%
Alligator
46%
Aardwolf
19%
No matching quizzes found
Score Distribution
Percent of People with Each Score
Percentile by Number Answered
Your Score History
You have not taken this quiz